| 000 | 00532nam a2200217Ia 4500 | ||
|---|---|---|---|
| 003 | OSt | ||
| 005 | 20230509164626.0 | ||
| 008 | 210423s2002 xx 000 0 und d | ||
| 020 | _a1555812260 | ||
| 040 | _cAL | ||
| 041 | _aeng | ||
| 082 |
_a616.925 _223 _b RICD |
||
| 100 |
_aRICHMAN (Douglas D);others. _9101754 |
||
| 245 | _aClinical virology. | ||
| 250 | _a2 | ||
| 260 |
_aWashington _bButterworth Heinemann _c2002 |
||
| 300 |
_axiv,1304 _bPB |
||
| 365 |
_b4500 _cINR |
||
| 906 | _aClinical ; virology | ||
| 942 |
_2ddc _cBK |
||
| 999 |
_c164087 _d164087 |
||